Statistics for NHL Nicknames

Click here to take the quiz!

General Stats

  • This quiz has been taken 27 times
  • The average score is 11 of 16

Answer Stats

NicknamePlayer% Correct
Mr HockeyGordie Howe
95%
The Great OneWayne Gretzky
95%
The Great 8Alex Ovechkin
86%
GenoEvgeni Malkin
86%
RocketMaurice Richard
86%
The Finnish FlashTeemu Selanne
86%
The DominatorDominik Hasek
73%
The FlowerGuy Lafleur
68%
Russian RocketPavel Bure
68%
Bread ManArtemi Panarin
64%
CujoCurtis Joseph
59%
The Golden BrettBrett Hull
55%
The Golden JetBobby Hull
45%
Boom BoomBernie Geoffrion
41%
Pocket RocketHenri Richard
41%
MooseMark Messier
18%

Score Distribution

Percentile by Number Answered

Percent of People with Each Score

Your Score History

You have not taken this quiz